00377 2200157 4500001002100000008004100021035002000062245004000082100001200122250000600134260003500140084001400175082000800189650001000197990001200207INLIS000000000001552 ind  a0010-0125000050 aHikayat Kalilah dan DimnahcBaidaba aBaidaba a1 aJakarta :bBalai Pustakac2002 a800 BAI h a800 aFiksi a0715301